banner koha

Novas ocorrencias e estirpes de Rhizobium spp. de leguminosas arboreas do estado do Ceara (Registro n. 118329)

MARC details
000 -LÍDER
campo de controle de tamanho fixo 01025nas a2200301 4500
001 - NÚMERO DE CONTROLE
campo de controle BR8601788
003 - IDENTIFICADOR DO NÚMERO DE CONTROLE
campo de controle BR-BrBNA
005 - DATA E HORÁRIO DA ÚLTIMA TRANSAÇÃO
campo de controle 20231205090426.0
007 - CAMPO FIXO DE DESCRIÇÃO FÍSICA--INFORMAÇÃO GERAL
campo de controle de tamanho fixo ta
008 - CAMPO DE DADOS FIXOS--INFORMAÇÃO GERAL
campo de controle de tamanho fixo 230509b bl.|||p| |||| 00| 00por d
040 ## - FONTE DA CATALOGAÇÃO
Instituição da catalogação original BR-BrBNA
Idioma da catalogação por
Instituição que transcreveu o registro Biblioteca Nacional de Agricultura
041 ## - CÓDIGO DE IDIOMA
Código do idioma do texto/trilha sonora ou título diferente (Pt)
072 ## - CÓDIGO DE CATEGORIA DE ASSUNTO
Código de Categoria de Assunto P34
100 1# - ENTRADA PRINCIPAL--NOME PESSOAL
Nome pessoal Vasconcelos, I.
100 1# - ENTRADA PRINCIPAL--NOME PESSOAL
Nome pessoal Almeida, R.T. de
100 1# - ENTRADA PRINCIPAL--NOME PESSOAL
Nome pessoal Landim, C.M.U.
100 1# - ENTRADA PRINCIPAL--NOME PESSOAL
Nome pessoal Mendes Filho, P.F.
111 1# - ENTRADA PRINCIPAL--NOME DO EVENTO
Nome do evento ou lugar 12. Reuniao Latino-Americana sobre Rhizobium
Local do evento Campinas, SP (Brazil)
Data do evento ou assinatura do tratado Oct 1984
245 1# - TÍTULO
Título Novas ocorrencias e estirpes de Rhizobium spp. de leguminosas arboreas do estado do Ceara
246 1# - FORMA VARIANTE DO TÍTULO
Título/título abreviado [New occurrences and strains of Rhizobium spp. in arboreal legumes of the state of Ceara]
650 ## - ASSUNTO--TERMO TÓPICO
Cabeçalho tópico ou nome geográfico LEGUMINOSA FORRAGEIRA
650 ## - ASSUNTO--TERMO TÓPICO
Cabeçalho tópico ou nome geográfico RHIZOBIUM
650 ## - ASSUNTO--TERMO TÓPICO
Cabeçalho tópico ou nome geográfico ESTIRPE
650 ## - ASSUNTO--TERMO TÓPICO
Cabeçalho tópico ou nome geográfico CEARA
773 0# - ENTRADA ANALÍTICA
Título Ciencia Agronomica (Brazil)
ISSN - International Standard Serial Number ISSN 0045-6888
Partes relacionadas (Jun 1985), v. 16(1) p. 9-12
Número de controle do registro BR8601788
909 ## -
-- 202311
-- Lúcia
-- 55
-- Lúcia Elande
942 ## - ELEMENTOS DE ENTRADA ADICIONADOS (KOHA)
Fonte da classificação ou esquema de arquivamento na estante Classificação AGRIS
Ocultar no OPAC Não
Tipo de material Koha Analítica
Exemplares
Situação do descarte Fonte da classificação ou esquema de arquivamento na estante Situação física Não pode ser emprestado Biblioteca de origem Biblioteca atual Localização na estante Enumeração do periódico / cronologia Total de empréstimos Data de último acesso Número do exemplar Tipo de material Koha Fonte de aquisição
  Classificação AGRIS   Consulta local Biblioteca Nacional de Agricultura - Binagri Biblioteca Nacional de Agricultura - Binagri   (Jun 1985), v. 16(1) p. 9-12   29/11/2023 01 Periódicos Portaria Interministerial nº 164/94

BINAGRI

Telefone: (61)3218-2567/2388/3357/2097 - binagri@agro.gov.br

Ministério da Agricultura e Pecuária , Esplanada dos Ministérios, Bloco D, Anexo B, Brasília/DF, CEP: 70.043-900